000 00346nam a2200145Ia 4500
008 191201s2008 xx 000 0 und d
082 _a658.927
_bKEB
100 _aKELLER, Kevin Lane
245 0 _aBest Practice Cases in Branding
250 _a1st IMP
260 _aN. Delhi
_bpearson
_c2008
300 _a382
650 _aBBA
942 _2ddc
_cBK
999 _c4493
_d4493